Medziľudské vzťahy na pracovisku a ich vplyv na výkonnosť zamestnancov v priemyselnom podniku

Enregistré dans:
Détails bibliographiques
Auteur principal: Krajčovičová, Erika (Auteur)
Autres auteurs: Čambál, Miloš (Directeur de thèse)
Format: Manuscrit Livre
Langue:slovaque
Publié: 2021
Sujets:
Accès en ligne:http://is.stuba.sk/zp/portal_zp.pl?podrobnosti=148207
Tags: Ajouter un tag
Pas de tags, Soyez le premier à ajouter un tag!

MARC

LEADER 00000ntm a22000003a 4500
001 stuzp83502
003 SK-STU
005 20210703212027.2
007 ta
008 150427s2015----xo-----f-mn---000-0-slo-d
040 |a STU  |b slo 
041 0 |a slo 
100 1 |a Krajčovičová, Erika  |u 064000  |4 aut  |U MTF Materiálovotechnologická fakulta  |T MTF Ústav priemyselného inžinierstva a manažmentu  |X 29689  |U M4000  |Y 84  |7 29689 
242 0 1 |a Interpersonal relationships in the workplace and their impact on work performance  |y eng 
245 1 0 |a Medziľudské vzťahy na pracovisku a ich vplyv na výkonnosť zamestnancov v priemyselnom podniku 
260 |c 2021 
650 4 |a medziľudské vzťahy  |2 slo 
650 4 |a komunikácia  |2 slo 
650 4 |a konflikty  |2 slo 
650 4 |a stres  |2 slo 
650 4 |a výkonnosť  |2 slo 
650 4 |a communication  |2 eng 
650 4 |a conflicts  |2 eng 
650 4 |a interpersonal relationships  |2 eng 
650 4 |a stress  |2 eng 
650 4 |a performance  |2 eng 
700 1 |a Čambál, Miloš  |u 064000  |k Z1  |4 ths  |U MTF Materiálovotechnologická fakulta  |T MTF Ústav priemyselného inžinierstva a manažmentu  |X 279  |U M4000  |Y 84  |7 A000000279 
856 4 |u http://is.stuba.sk/zp/portal_zp.pl?podrobnosti=148207 
996 |c M* BP-9113  |l MMSKP  |s P  |a 0  |w stuzp83502_0001